Guía teatral de España (Record no. 6339)

MARC details
000 -LEADER
campo de control de longitud fija 00730nam a2200229 i 4500
001 - NÚMERO DE CONTROL
campo de control 6339
003 - IDENTIFICADOR DE NÚMERO DE CONTROL
campo de control ES-MaACL
005 - FECHA Y HORA DE LA ÚLTIMA TRANSACCIÓN
campo de control 20230906144903.0
007 - CAMPO FIJO DE DESCRIPCIÓN FÍSICA--INFORMACIÓN GENERAL
campo de control de longitud fija t|
008 - DATOS DE LONGITUD FIJA--INFORMACIÓN GENERAL
campo de control de longitud fija 890925s1983 sp ||||0| spa d
080 ## - NÚMERO DE LA CLASIFICACIÓN DECIMAL UNIVERSAL
Número de la Clasificación Decimal Universal 792(46)"1988"
245 00 - MENCIÓN DEL TÍTULO
Título Guía teatral de España
Resto del título : 1988.
260 ## - PUBLICACIÓN, DISTRIBUCIÓN, ETC.
Lugar de publicación, distribución, etc. Madrid :
Nombre del editor, distribuidor, etc. Centro de Documentacion Teatral,
Fecha de publicación, distribución, etc. 1988.
300 ## - DESCRIPCIÓN FÍSICA
Extensión 432, [12] p. ;
Dimensiones 22 cm.
490 1# - MENCIÓN DE SERIE
Mención de serie El Publico. Guia teatral de España ;
Designación de volumen o secuencia 1988
500 ## - NOTA GENERAL
Nota general ISSN 0213-4198.
650 14 - PUNTO DE ACCESO ADICIONAL DE MATERIA--TÉRMINO DE MATERIA
Término de materia o nombre geográfico como elemento de entrada Teatro-
Subdivisión geográfica España-
Subdivisión general Guías.
9 (RLIN) 17301
710 1# - ENTRADA AGREGADA--NOMBRE DE ENTIDAD CORPORATIVA
Nombre de entidad corporativa o nombre de jurisdicción como elemento de entrada Centro de Documentación Teatral (España)
9 (RLIN) 2605
830 0# - PUNTO DE ACCESO ADICIONAL DE SERIE-TÍTULO UNIFORME
Título uniforme El Publico. Guia teatral de España ;
Designación de volumen o secuencia 1988
9 (RLIN) 177517
852 ## - LOCALIZACIÓN
Ubicación ES-MaACL
Número de control de estantería L-13512
Sublocalización o colección R.117050
Holdings
Estatus retirado Estado de pérdida Estado de daño No para préstamo Biblioteca de origen Biblioteca actual Ubicación en estantería Fecha de adquisición Fuente de adquisición Total de préstamos Signatura topográfica completa Código de barras Visto por última vez Precio de reemplazo Tipo de ítem Koha
        Biblioteca del Ateneo de Madrid Biblioteca del Ateneo de Madrid Depósito 2 17/01/2008     L-13512 1006453 23/02/2023 23/02/2023 Libro impreso